| 000 | 00950nas a2200301 4500 | ||
|---|---|---|---|
| 001 | BR9206873 | ||
| 003 | BR-BrBNA | ||
| 005 | 20231205093005.0 | ||
| 007 | ta | ||
| 008 | 230509b bl.|||p| |||| 00| 00por d | ||
| 040 |
_aBR-BrBNA _bpor _cBiblioteca Nacional de Agricultura |
||
| 041 | _a(Pt) | ||
| 072 | _aH20; F30 | ||
| 100 | 1 | _aAkiba, F. | |
| 100 | 1 | _aRibeiro, R. de L.D. | |
| 100 | 1 | _aCastro, L.A.B. de | |
| 100 | 1 | _aRobbs, C.F. | |
| 100 | 1 | _aKimura, O. | |
| 100 | 1 | _aSudo, S. | |
| 245 | 1 | _aResistencia na variedade de berinjela "Nihon nassu" a "murcha bacteriana" (Pseudomonas solanacearum E.F. Sm.) | |
| 650 | _aBERINJELA | ||
| 650 | _aMURCHA BACTERIANA | ||
| 650 | _aVARIEDADE RESISTENTE | ||
| 650 | _aCONTROLE CULTURAL | ||
| 773 | 0 |
_tArquivos da Universidade Federal Rural do Rio de Janeiro (Brazil) _xISSN 0100-2481 _g(1972), v. 2(2) p. 17-21 _wBR9206873 |
|
| 909 |
_a202311 _bLúcia _c55 _dLúcia Elande |
||
| 942 |
_2AGRIS _n0 _cANA |
||
| 999 |
_c135555 _d135555 |
||